000 00675nam a22002657a 4500
003 OSt
005 20140310184252.0
008 121112t xxu||||| |||| 00| 0 eng d
020 _a0439679354
020 _a9780439679350
050 _aPZ 7
_b.M478 2004
100 _aMcCollum, Sean
_922795
245 _aIn search of the mummy king /
_cSean McCollum.
260 _aNew York :
_bScholastic Inc.,
_c2004.
300 _a16 p. :
_bill. col. ;
_c20 cm.
521 _aG1
526 _c280
650 _aFiction
_x juvenile
_922796
942 _2lcc
_cBK-SCHOLAS
999 _c33385
_d33385